header

Poetry and its language (Record no. 61287)

MARC details
000 -LEADER
fixed length control field 01387nam a2200337Ia 4500
245 00 - TITLE STATEMENT
Title Poetry and its language
260 ## - PUBLICATION, DISTRIBUTION, ETC. (IMPRINT)
Place of publication Frankfurt am Main ;
-- New York :
Name of publisher Peter Lang,
Year of publication 2012.
300 ## - PHYSICAL DESCRIPTION
Number of Pages 276 p.
490 1# - SERIES STATEMENT
Series statement Text-- meaning-- context : Cracow studies in English language, literature and culture,
650 #0 - SUBJECT ADDED ENTRY--TOPICAL TERM
Topical Term English poetry
Topical Term Poetry
700 1# - ADDED ENTRY--PERSONAL NAME
Personal name Gibindska, Marta.
Personal name Witalisz, Wladyslaw.
856 40 - ELECTRONIC LOCATION AND ACCESS
Uniform Resource Identifier http://site.ebrary.com/lib/rucke/Doc?id=10666468
830 #0 - SERIES ADDED ENTRY--UNIFORM TITLE
-- 2191-1894.

No items available.

© 2026 Rongo University
Contact us: librarian | system librarian | Rongo university